Function of the adrenal medulla [letter to the Editor] /

Elmentve itt :
Bibliográfiai részletek
Szerzők: Svirbely Joseph L.
Szent-Györgyi Albert
Dokumentumtípus: Cikk
Megjelent: Macmillan and Company London 1932-04-09
Sorozat:Nature : a weekly journal of science 129 No. 3258
Online Access:http://misc.bibl.u-szeged.hu/73701
LEADER 00720nab a2200181 i 4500
001 misc73701
005 20241018130156.0
008 240108s1932 hu o 000 eng d
040 |a SZTE Miscellanea Repozitórium  |b hun 
041 |a eng 
100 1 |a Svirbely Joseph L. 
245 1 0 |a Function of the adrenal medulla   |h [elektronikus dokumentum] :  |b [letter to the Editor] /  |c  Svirbely Joseph L. 
260 |a Macmillan and Company  |b London  |c 1932-04-09 
300 |a 541-542 
490 0 |a Nature : a weekly journal of science  |v 129 No. 3258 
561 |a Szent-Györgyi Albert tudományos és egyéb írásai 
700 0 2 |a Szent-Györgyi Albert  |e aut 
856 4 0 |u http://misc.bibl.u-szeged.hu/73701/1/szgya_magyar_054.pdf  |z Dokumentum-elérés